01749nam a2200289 a 4500001001000000003000900010005001700019007000300036008004100039020001800080040002500098082002400123245011500147260003400262300002100296490004200317500007400359500005500433651005100488700014400539700016500683700020400848700008901052700017201141700010401313830004201417000039178DO-SdBNP20220513140121.0ta130606s2021 dr 000 0 spa d a9789945904123 aDO-SdBNPbspacBNPHU 4a342.7293bC748e22210aConflictos entre derechos constitucionales en la República Dominicana /cEnmanuel Cedeño Brea ... [et al.] aSanto Domingo :bPCMM,c2021. a306 p. ;c24 cm.1 aCiudadanía y políticas públicas aIncluye referencias bibliográficas y notas al pie de las páginas. aIncluye bibliografía al final de los capítulos 4aRepública DominicanaxDerecho Constitucional1 aReyes, Renny,tLa regulación del derecho a huelga frente a los derechos de los usuarios a os servicios públicos : ¿norma o estándar?1 aCedeño-Brea, Enmanuel,tEl secreto profesional y las obligaciones de prevención del lavado de activos de los profesionales sujetos obligados no financieros 1 aSousa Duvergé, Luis Antonio,tEl control de convencionalidad en la República Dominicana y el derecho a la nacionalidad : colisión entre la soberanía y la protección de los derechos humanos.1 aJorge Mera, Dilia Leticia.tEl derecho a la salud del menor y la autoridad parental.1 aPeña Pérez, Pascal.tLa protección de datos personales como derecho fundamental en la República Dominicana : los desafíos jurídicos del ecosistema digital.1 aPerdomo Cordero, Nassef.eEl derecho al olvido de los funcionarios en la constitución dominicana. 0aCiudadanía y políticas públicas